[Event "Kupreichik Memorial Rapid 2019"]
[Site "Minsk"]
[Date "2019.08.15"]
[Round "3.10"]
[White "Kharin, Mikhail"]
[Black "Sveshnikov, Evgeny"]
[Result "0-1"]
[WhiteElo "2156"]
[BlackElo "2483"]
[Annotator "TA"]
[PlyCount "68"]
[EventDate "2019.08.15"]
[EventType "swiss"]
[EventCountry "BLR"]
[SourceTitle "playchess.com"]
[Source "ChessBase"]
[SourceQuality "1"]

{[%evp 9,84,2,1,-12,-10,-7,-15,-14,0,0,-7,-12,0,-9,-12,-22,-13,-17,-13,-31,-22,-22,-22,-27,-14,-7,-10,-16,20,18,60,0,0,-8,0,-44,-11,-47,-44,-31,-52,-80,-77,-97,-6,-167,-160,-160,-160,-167,-167,-168,-160,-160,-162,-169,-160,-164,-150,-164,-142,-235,-235,-707,-704,-681,-681,-1663,-1164,-4910,-4802,-6933,-6483,-29976,-29979,-29975,-29978]} 1. d4 ({Predecessor:} 1. e4 c6 2. Nc3 d5 3. exd5 cxd5 4. d4 Nc6 5. Nf3 Bg4 6. Be2 Nf6 7. O-O e6 {0-1 (34) Fernandez,L (1902)-Klamp,C (2112) Hamburg 2005}) 1... d5 2. Nc3 Nf6 3. Bf4 c5 4. e3 cxd4 5. exd4 Bg4 $146 (5... a6 6. h3 Nc6 7. Nf3 Bf5 8. Bd3 Bxd3 9. Qxd3 e6 10. O-O Be7 11. Rfe1 O-O 12. Ne2 Rc8 13. c3 {1-0 (60) Abasov,N (2641)-Demchenko,A (2665) Konya 2019}) 6. Nf3 {B13: Caro-Kann: Exchange Variation and Panov-Botvinnik Attack} Nc6 7. Be2 e6 8. O-O {The position is equal.} Be7 9. Ne5 Bxe2 10. Nxe2 O-O 11. c3 Nxe5 12. Bxe5 Nd7 13. Bg3 b5 14. Qd3 a6 15. Nf4 Nb6 16. Rfe1 Rc8 17. Qe2 Nc4 18. Nd3 Bg5 19. Nc5 Rc6 20. Rab1 ({White should play} 20. a4 $14) 20... a5 $11 21. a3 Be7 22. Nd3 Rb6 23. Be5 b4 24. axb4 axb4 25. Qg4 {[%csl Ge5][%cal Rg4g7] [#]} Nxe5 26. Nxe5 Bd6 (26... Qc7 $17 27. cxb4 Rxb4) 27. Nd3 $2 (27. c4 $11) 27... bxc3 $19 28. bxc3 {[#]} Bxh2+ $1 {[%mdl 512]} 29. Kf1 (29. Kxh2 Qb8+) 29... Bd6 30. g3 Rxb1 31. Rxb1 Qc7 32. Rc1 Rc8 33. Kg2 Qa5 34. Qg5 h6 {Played: Qa5-a2} 0-1

[Event "Kupreichik Memorial Rapid 2019"]
[Site "Minsk"]
[Date "2019.08.15"]
[Round "3.11"]
[White "Shaban, Aliaksandra"]
[Black "Mustaps, Matiss"]
[Result "0-1"]
[WhiteElo "1734"]
[BlackElo "2381"]
[Annotator "TA"]
[PlyCount "86"]
[EventDate "2019.08.15"]
[EventType "swiss"]
[EventCountry "BLR"]
[SourceTitle "playchess.com"]
[Source "ChessBase"]
[SourceQuality "1"]

{[%evp 16,86,69,69,68,63,72,75,83,81,85,87,123,125,125,80,125,-58,-61,-64,-75,-120,-53,-161,-69,-118,-115,-138,-80,-120,-73,-184,-187,-187,-187,-177,-86,-200,-201,-206,-187,-227,-216,-225,-198,-266,-200,-232,-221,-250,-243,-486,-474,-666,-657,-837,-829,-1338,-1350,-1340,-1311,-1429,-1300,-2185,-1982,-1944,-1937,-1389,-1814,-29973,-29974,-29974,-29975]} 1. d4 Nf6 2. c4 g6 3. Nc3 Bg7 4. e4 O-O 5. Be2 d6 6. Bg5 h6 7. Be3 e5 8. d5 a5 9. h4 Na6 {E73: King's Indian: Averbakh Variation without 6...c5} 10. h5 g5 11. g4 c6 {White is better.} 12. f3 Nc5 13. b3 cxd5 $146 ({Predecessor:} 13... Bd7 14. Rb1 Qb8 15. a4 Ne8 16. Nh3 Bf6 17. Nf2 {½-½ (44) Degenhardt,H (2355)-Lobzhanidze,D (2444) Griesheim 1999}) 14. cxd5 Bd7 15. Nh3 Rb8 16. O-O $2 (16. a4 $16) 16... Nxh5 $1 $15 {[%mdl 64] [#] Pin} 17. Kh2 {Hoping for Bxc5.} Nf4 18. Rc1 b6 ({Black should try} 18... b5 $17 19. Bxc5 dxc5 20. Nxf4 exf4) 19. Qd2 (19. Bb5 $15) 19... Qe7 ({Black should play} 19... h5 $19 20. Rh1 hxg4 21. fxg4 Bf6) 20. Rh1 {[%cal Rh3f4]} h5 21. Nf2 h4 (21... hxg4 $142 22. fxg4 Bf6) 22. Nh3 Rfc8 23. Nxf4 (23. Bb5 $17) 23... exf4 $19 ({Resist} 23... gxf4 24. Bf2 $15) 24. Bd4 Bxd4 25. Qxd4 {[#]} f6 (25... b5 $1 $19 {has better winning chances.} 26. Rhe1 f6) 26. Kg2 (26. Bb5 $17) 26... b5 27. Nb1 Qe5 28. Qxe5 fxe5 29. Nd2 Kf7 30. Rb1 (30. Rc2 $142) 30... Ke7 31. Rbc1 Na6 32. Nb1 Nb4 33. a3 $2 (33. Nc3) 33... Nc2 34. Kh3 (34. Bd3 $142 Nd4 35. Nd2) 34... Nd4 35. Rxc8 Rxc8 36. Bd1 Rc1 37. Nd2 Ra1 38. Kg2 Rxa3 39. Kf2 Ra2 40. Ke1 a4 41. bxa4 bxa4 {[%cal Bb5a4,Ba4a3][%mdl 32]} 42. Nb1 a3 43. Nc3 Rb2 {Accuracy: White = 31%, Black = 51%.} 0-1

[Event "Kupreichik Memorial Rapid 2019"]
[Site "Minsk"]
[Date "2019.08.15"]
[Round "3.12"]
[White "Veremeichik, Vladimir"]
[Black "Kuleshov, Konstantin"]
[Result "0-1"]
[WhiteElo "2282"]
[BlackElo "2076"]
[Annotator "NA"]
[PlyCount "70"]
[EventDate "2019.08.15"]
[EventType "swiss"]
[EventCountry "BLR"]
[SourceTitle "playchess.com"]
[Source "ChessBase"]
[SourceQuality "1"]
[TimeControl "900+10"]

1. d4 {[%emt 0:00:00]} Nf6 {[%emt 0:00:00]} 2. c4 {[%emt 0:00:00]} g6 {[%emt 0:00:00]} 3. Nc3 {[%emt 0:00:00]} d5 {[%emt 0:00:00]} 4. Bf4 {[%emt 0:00:00]} Bg7 {[%emt 0:00:01]} 5. e3 {[%emt 0:00:00]} O-O {[%emt 0:00:04]} 6. cxd5 {[%emt 0:00:00]} Nxd5 {[%emt 0:00:02]} 7. Nxd5 {[%emt 0:00:00]} Qxd5 {[%emt 0:00:04]} 8. Bxc7 {[%emt 0:00:00]} Nc6 {[%emt 0:00:11]} 9. Ne2 {[%emt 0:00:03]} e5 {[%emt 0:01:02]} 10. dxe5 {[%emt 0:00:03]} Qb5 {[%emt 0:00:59]} 11. f4 {[%emt 0:00:02]} Qxb2 {[%emt 0:00:06]} 12. Rb1 {[%emt 0:00:14]} Qxa2 {[%emt 0:00:09]} 13. Nc3 {[%emt 0:00:02]} Qe6 {[%emt 0:00:12]} 14. Nd5 {[%emt 0:00:43]} f6 {[%emt 0:00:35]} 15. Bc4 {[%emt 0:00:06]} Kh8 {[%emt 0:00:14]} 16. Nb6 {[%emt 0:00:04]} Qf5 {[%emt 0:00:23]} 17. Nxa8 {[%emt 0:00:07]} fxe5 {[%emt 0:00:03]} 18. O-O {[%emt 0:00:18]} Qe4 {[%emt 0:00:11]} 19. Qd3 {[%emt 0:00:10]} Bf5 {[%emt 0:00:02]} 20. Qxe4 {[%emt 0:00:08]} Bxe4 {[%emt 0:00:02]} 21. Rxb7 {[%emt 0:00:26]} Rxa8 {[%emt 0:00:02]} 22. fxe5 {[%emt 0:00:40]} Bxe5 {[%emt 0:01:56]} 23. Bxe5+ {[%emt 0:00:20]} Nxe5 {[%emt 0:00:02]} 24. Re7 {[%emt 0:00:02]} Nxc4 {[%emt 0:00:08]} 25. Rxe4 {[%emt 0:00:13]} Nd2 {[%emt 0:00:01]} 26. Ra4 {[%emt 0:00:02]} Nxf1 27. Kxf1 {[%emt 0:00:01]} a5 {[%emt 0:00:03]} 28. Ke2 {[%emt 0:00:01]} Kg7 {[%emt 0:00:00]} 29. Kd3 {[%emt 0:00:01]} Kf6 {[%emt 0:00:01]} 30. Kc4 {[%emt 0:00:00]} Ke5 {[%emt 0:00:01]} 31. Kb5 {[%emt 0:00:01]} Rb8+ {[%emt 0:00:02]} 32. Kc6 {[%emt 0:00:01]} Rb2 {[%emt 0:00:06]} 33. Rh4 {[%emt 0:00:14]} h5 {[%emt 0:00:32]} 34. g3 {[%emt 0:00:06]} Rb4 {[%emt 0:00:05]} 35. Rh3 {[%emt 0:00:31]} Rg4 {[%emt 0:00:03]} 0-1

[Event "Kupreichik Memorial Rapid 2019"]
[Site "Minsk"]
[Date "2019.08.15"]
[Round "3.13"]
[White "Kameko, Aleksandr"]
[Black "Zverev, Lev"]
[Result "1-0"]
[WhiteElo "2045"]
[BlackElo "1881"]
[Annotator "NA"]
[PlyCount "85"]
[EventDate "2019.08.15"]
[EventType "swiss"]
[EventCountry "BLR"]
[SourceTitle "playchess.com"]
[Source "ChessBase"]
[SourceQuality "1"]
[TimeControl "900+10"]

1. e4 {[%emt 0:00:00]} e5 {[%emt 0:00:00]} 2. Nf3 {[%emt 0:00:00]} Nc6 {[%emt 0:00:00]} 3. Bb5 {[%emt 0:00:00]} a6 {[%emt 0:00:00]} 4. Ba4 {[%emt 0:00:00]} Nf6 {[%emt 0:00:00]} 5. d3 {[%emt 0:00:00]} b5 {[%emt 0:00:00]} 6. Bb3 {[%emt 0:00:00]} Be7 {[%emt 0:00:00]} 7. O-O {[%emt 0:00:04]} O-O {[%emt 0:00:00]} 8. h3 {[%emt 0:00:15]} d6 {[%emt 0:00:01]} 9. c3 {[%emt 0:00:02]} Na5 {[%emt 0:00:01]} 10. Bc2 {[%emt 0:00:01]} c5 {[%emt 0:00:01]} 11. Re1 {[%emt 0:00:03]} h6 {[%emt 0:00:10]} 12. Nbd2 {[%emt 0:00:01]} Nc6 {[%emt 0:00:07]} 13. Nf1 {[%emt 0:00:03]} Be6 {[%emt 0:00:01]} 14. Ng3 {[%emt 0:00:17]} Qc7 {[%emt 0:00:02]} 15. Qe2 {[%emt 0:00:28]} Rfe8 {[%emt 0:00:22]} 16. Bb3 {[%emt 0:00:43]} Rad8 {[%emt 0:00:29]} 17. Bxe6 {[%emt 0:00:08]} fxe6 {[%emt 0:00:03]} 18. Nh2 {[%emt 0:00:57]} d5 {[%emt 0:00:08]} 19. Ng4 {[%emt 0:00:41]} Nh7 {[%emt 0:00:09]} 20. Nh5 {[%emt 0:01:14]} Bg5 {[%emt 0:00:29]} 21. Bxg5 {[%emt 0:00:32]} Nxg5 {[%emt 0:00:03]} 22. h4 {[%emt 0:00:16]} Nh7 {[%emt 0:00:04]} 23. Ne3 {[%emt 0:01:52]} Qf7 {[%emt 0:00:34]} 24. exd5 {[%emt 0:00:47]} exd5 {[%emt 0:00:03]} 25. Qg4 {[%emt 0:00:09]} Rf8 {[%emt 0:00:38]} 26. Nf5 {[%emt 0:00:57]} Kh8 {[%emt 0:00:50]} 27. Re2 {[%emt 0:00:55]} Rg8 {[%emt 0:00:55]} 28. Rae1 {[%emt 0:01:20]} g6 {[%emt 0:00:30]} 29. Nxh6 {[%emt 0:00:32]} Qf8 {[%emt 0:00:12]} 30. Nxg8 {[%emt 0:00:07]} gxh5 {[%emt 0:00:02]} 31. Qxh5 {[%emt 0:00:17]} Qxg8 {[%emt 0:00:03]} 32. Re3 {[%emt 0:00:14]} Qe6 {[%emt 0:00:24]} 33. f4 {[%emt 0:00:55]} d4 {[%emt 0:00:11]} 34. cxd4 {[%emt 0:00:13]} cxd4 {[%emt 0:00:26]} 35. Re4 {[%emt 0:00:05]} Qxa2 {[%emt 0:00:13]} 36. fxe5 {[%emt 0:00:07]} Qe6 {[%emt 0:00:08]} 37. Rf1 {[%emt 0:00:21]} Rg8 {[%emt 0:02:53]} 38. Rf6 {[%emt 0:00:40]} Qc8 {[%emt 0:00:49]} 39. Rf7 {[%emt 0:01:24]} Rg7 {[%emt 0:00:02]} 40. e6 {[%emt 0:00:19]} Qe8 {[%emt 0:02:47]} 41. Rg4 {[%emt 0:01:19]} Rxf7 {[%emt 0:04:07]} 42. exf7 {[%emt 0:00:02]} Qf8 {[%emt 0:00:24]} 43. Rg8+ {[%emt 0:00:07]} 1-0

[Event "Kupreichik Memorial Rapid 2019"]
[Site "Minsk"]
[Date "2019.08.15"]
[Round "3.14"]
[White "Lazavik, Denis"]
[Black "Paravyan, David"]
[Result "1/2-1/2"]
[WhiteElo "2347"]
[BlackElo "2605"]
[Annotator "TA"]
[PlyCount "163"]
[EventDate "2019.08.15"]
[EventType "swiss"]
[EventCountry "BLR"]
[SourceTitle "playchess.com"]
[Source "ChessBase"]
[SourceQuality "1"]

{[%evp 18,163,19,26,27,26,29,15,32,13,17,0,29,27,33,17,39,39,52,54,66,69,53,43,59,49,45,50,43,6,22,20,26,16,28,14,32,20,30,0,0,0,0,0,0,0,0,-32,-30,-75,0,0,0,0,0,0,0,0,0,0,0,0,0,-5,0,0,0,0,0,0,0,0,0,0,0,-32,-27,-27,-27,-32,-32,-39,-16,-19,0,-4,-8,-8,-8,-37,-38,-38,-38,-59,0,-263,-282,-239,-34,-228,-34,-29,-29,-29,-30,-45,-8,-8,-8,-8,0,-8,-8,-8,-8,-1542,0,0,0,-741,-718,-4747,-4553,-4511,-2348,-845,-845,-845,-845,-845,-845,-838,-8,-8,0,0,0,0,0,-8,0,0,0,-8,-8,-8,-8,-8]} 1. d4 Nf6 2. c4 g6 3. g3 Bg7 4. Bg2 O-O 5. Nc3 Nc6 6. Nf3 d5 7. cxd5 Nxd5 8. O-O Nxc3 9. bxc3 e5 10. e3 Rb8 {D74: Fianchetto Grünfeld: Main Line (5 Nf3 0-0 6 cxd5 Nxd5 7 0-0)} (10... Be6 11. Nxe5 Nxe5 12. dxe5 Qxd1 13. Rxd1 Bxe5 14. Ba3 Rfd8 15. Bxb7 Rxd1+ 16. Rxd1 Rb8 17. Bd5 Rd8 18. c4 {½-½ (39) Matamoros Franco,C (2548)-Salem,A (2546) Istanbul 2012}) 11. Ba3 Re8 12. Nd2 Na5 $146 ({Predecessor:} 12... Be6 13. Ne4 Bd5 14. Re1 exd4 15. exd4 Qd7 16. Qf3 Rbd8 17. Nf6+ Bxf6 18. Qxd5 {0-1 (44) Berg,J (2235)-Tryggestad,A (2224) Norway 2017}) 13. Bb4 Nc6 14. Ba3 Bd7 15. d5 Na5 16. c4 {[%cal Bc3c4,Bc4c5][%mdl 32]} b6 17. c5 Bf8 18. Qc1 Bb5 19. Rd1 Ba4 20. Re1 c6 21. cxb6 axb6 22. Bxf8 Rxf8 23. dxc6 Rc8 {[%cal Ra4c6]} 24. Qb2 Bxc6 25. Bxc6 Rxc6 26. Rac1 Rxc1 27. Rxc1 Qd5 28. Nb1 Qe6 29. Nc3 Rc8 30. Rd1 Nc4 31. Qb4 Kg7 32. Nd5 Qg4 33. Re1 Qf3 (33... Qe4 $1 $17 {[%cal Re4d5]} 34. Nc3 (34. Nxb6 Qb7 $17) 34... Qc2) 34. e4 $11 h5 35. h4 Rc6 36. Qb5 Rc5 37. Qb4 Rc6 38. Qb5 Rc5 39. Qb4 Qd3 40. Qb3 ({Much weaker is} 40. Nxb6 Nd2 $17) 40... Qxb3 (40... Qd2 {looks sharper.} 41. Rd1 Qe2 42. Qd3 Qxd3 43. Rxd3 Ra5) 41. axb3 {[%mdl 4096] Endgame KRN-KRN} Nd2 42. Re2 Nxe4 43. Nxb6 f5 44. Nc4 Rb5 45. Kg2 Kf6 46. Rb2 Nc5 47. Nd2 e4 48. Rb1 Ke5 49. Kf1 Kd4 50. Ke2 Nd3 51. Ra1 Rc5 52. Ra4+ Kd5 53. Ra6 Rc1 {[%csl Gd3][%cal Rc1e1]} 54. Nc4 Rc2+ 55. Ke3 Nxf2 (55... Rxf2 $15 56. Ra5+ Kc6) 56. Rxg6 $2 {[%mdl 8192]} (56. Ra5+ $11 Ke6 57. Ra6+ Ke7 58. Kd4) 56... Ng4+ $19 57. Kf4 Rf2+ 58. Kg5 Rf3 $2 (58... e3 $19 {Strongly threatening ...e2.} 59. Nxe3+ Nxe3 60. Kxh5 Rf3) 59. Rd6+ $1 $15 Kc5 {aiming for ...Ne3.} 60. Rd8 Rxb3 61. Nd2 Rd3 62. Rxd3 exd3 63. Kxh5 $11 {KN-KN} Kd4 64. Kg6 Kc3 65. Nf1 {[#]} Nh2 $1 {[%mdl 512]} 66. Ne3 $2 {[%mdl 8192]} (66. h5 $11) (66. Nxh2 d2) 66... Ng4 (66... d2 $142 67. Kxf5 Nf1 68. Nd1+ Kc2) 67. Nf1 $19 {[#]} Nh2 $1 {[%mdl 512]} 68. Ne3 {[#]} (68. Nxh2 d2) 68... d2 $1 {White must now prevent ...Ng4.} 69. Kxf5 {[#]} Nf1 $1 {[%cal Rf1e3][%mdl 512]} 70. Nd1+ (70. Nxf1 d1=Q) 70... Kc2 71. Nf2 Nxg3+ 72. Kf4 {[#]} Nh1 $1 {[%cal Rh1f2][%mdl 512]} 73. Ng4 {[#]} (73. Nxh1 d1=Q) 73... Kd3 $1 74. Ne3 Ng3 $2 (74... Nf2 $19 75. h5 Nh3+ 76. Kf3 Ng5+ 77. Kf2 Ne4+ 78. Kf3 Nf6) 75. Nd1 $1 $11 {The position is equal.} Ke2 76. Nc3+ Kf2 (76... Kd3 $5 77. Nd1 $8 Nh5+ 78. Kg5 Ng7 $11) 77. Kg4 Kg2 {And now ...Ne4! would win.} 78. Kf4 Kf2 {( -> ...Ne2+)} 79. Kg4 Kg2 {...Ne4! is the strong threat.} 80. Kf4 {[#]} Ne2+ $1 {[%mdl 512] [#]} 81. Ke3 $1 {[%mdl 576] Double Attack} (81. Nxe2 d1=Q) 81... Nxc3 82. Kxd2 {Accuracy: White = 61%, Black = 59%.} 1/2-1/2

[Event "Kupreichik Memorial Rapid 2019"]
[Site "Minsk"]
[Date "2019.08.15"]
[Round "3.15"]
[White "Spizharny, Mikhail"]
[Black "Teterev, Vitaly"]
[Result "0-1"]
[WhiteElo "2079"]
[BlackElo "2474"]
[Annotator "TA"]
[PlyCount "114"]
[EventDate "2019.08.15"]
[EventType "swiss"]
[EventCountry "BLR"]
[SourceTitle "playchess.com"]
[Source "ChessBase"]
[SourceQuality "1"]

{[%evp 20,114,35,0,4,0,11,0,92,21,27,-12,-11,-27,-22,-27,-33,-58,-28,-83,-10,-8,-12,-13,-10,-14,0,-7,-18,-18,-12,-25,-15,-11,10,-14,-11,-22,0,-7,0,-7,0,-7,0,-5,-7,-8,0,0,0,-12,-5,-19,0,-79,0,-19,-16,-37,0,-172,-174,-167,-158,-200,-263,-459,-439,-806,-806,-741,-723,-1056,-572,-779,-568,-1611,-1530,-12792,-6123,-4133,-2692,-29983,-29984,-29985,-29986,-29986,-29987,-29985,-29986,-29988,-29989,-29989,-29990,-29990,-29991]} 1. e4 c5 2. Nf3 e6 3. d4 cxd4 4. Nxd4 Nc6 5. Nc3 Qc7 6. Be3 Nf6 7. Bd3 a6 8. O-O Nxd4 9. Bxd4 Bc5 10. Bxc5 Qxc5 11. Qe2 (11. Na4 $5 {[%cal Ra4c5]} Qc7 12. c4 $11) 11... d6 {B48: Sicilian: Taimanov: 5 Nc3 Qc7 6 Be3 a6 without Be2} 12. Kh1 e5 13. f4 exf4 (13... O-O $11) 14. Rxf4 ({White should try} 14. Nd5 $1 $16) 14... Qe5 15. Raf1 Be6 16. a4 Rc8 $146 ({Predecessor:} 16... O-O 17. Bc4 Rac8 18. Bxe6 fxe6 19. Qf2 {½-½ (57) Dworakowska,J (2414)-Jaracz,B (2265) Lubniewice 2002}) 17. Qf2 O-O 18. Qb6 Rb8 19. Nb1 (19. Kg1 $11 {keeps the balance.}) 19... d5 (19... Nd7 $17 20. Qb4 Qc5 21. Qxc5 dxc5) 20. exd5 $11 Nxd5 21. Qd4 Qg5 22. Rf5 Qd8 23. Rh5 $132 {[%mdl 2048] White is not holding back} g6 24. Re5 Nb6 25. Qf4 Nd7 26. Re3 Nc5 27. Nd2 Rc8 28. Ne4 {Black must now prevent Nf6+.} Nxe4 29. Bxe4 b6 30. Bd3 Qd7 31. b3 a5 32. h4 Rc5 33. Re5 Qc7 34. Rxc5 Qxc5 35. Re1 Rd8 36. Re5 Qd4 37. Qg5 {[#]} (37. Re4 $11 Qc5 38. Qf6) 37... Rf8 (37... Bxb3 $1 $17 {[%mdl 512]} 38. Bxg6 (38. cxb3 Qxd3) 38... hxg6 39. cxb3 Kg7) 38. Rb5 Rc8 39. h5 {[%cal Rh5g6]} Kg7 40. Qe5+ $2 (40. h6+ $11 {and White has nothing to worry.} Kf8 41. Re5) 40... Qxe5 $19 41. Rxe5 {[#]} Rc5 $1 {[%cal Rc5e5]} 42. Rxc5 bxc5 43. hxg6 $2 (43. Kg1 gxh5 44. Kf2) 43... fxg6 $17 {[%mdl 4096] Endgame KB-KB} 44. Kh2 (44. Kg1 $142 Kf6 45. Kf2) 44... Kf6 $19 45. Kg3 Ke5 46. Kh4 Kf4 47. g3+ Kf3 48. Kg5 Kxg3 49. Kh6 Bf5 50. Bc4 Kf4 51. Kxh7 g5+ {Black mates.} 52. Kg7 Bxc2 53. Kf6 g4 54. Ke6 g3 55. Bf1 Bxb3+ {[%mdl 64] Double Attack} 56. Kd6 c4 {[%cal Bc5c4,Bc4c3][%mdl 32]} 57. Kc5 c3 {Accuracy: White = 14%, Black = 55%.} 0-1

[Event "Kupreichik Memorial Rapid 2019"]
[Site "Minsk"]
[Date "2019.08.15"]
[Round "3.16"]
[White "Rataika, Mikalai"]
[Black "Zhukova, Natalia"]
[Result "0-1"]
[WhiteElo "1920"]
[BlackElo "2333"]
[Annotator "TA"]
[PlyCount "60"]
[EventDate "2019.08.15"]
[EventType "swiss"]
[EventCountry "BLR"]
[SourceTitle "playchess.com"]
[Source "ChessBase"]
[SourceQuality "1"]

{[%evp 9,63,0,0,-50,-4,-59,-71,-54,-47,-68,-29,-41,-36,-43,-33,-53,-21,-189,-21,-79,-67,-145,-141,-137,-137,-271,-256,-264,-259,-343,-322,-379,-379,-359,-364,-375,-373,-360,-358,-489,-489,-915,-910,-893,-882,-1056,-1048,-1314,-1308,-1223,-1054,-2281,-1899,-29993,-29994,-29999]} 1. d4 Nf6 2. Bg5 d5 3. Bxf6 gxf6 4. c4 dxc4 5. Nc3 (5. e3 c5 6. d5 b5 7. a4 Bb7 8. axb5 Qxd5 9. Qxd5 Bxd5 10. Nc3 Bb7 11. Be2 Nd7 12. Bf3 Bxf3 13. Nxf3 {1-0 (24) Duda,J (2738)-Gelfand,B (2673) St Petersburg 2018}) 5... e5 6. d5 {D00: 1 d4 d5: Unusual lines} Nd7 $146 ({Predecessor:} 6... c6 7. e4 f5 8. Bxc4 b5 9. Bb3 b4 10. Nce2 fxe4 11. Ng3 e3 12. fxe3 {½-½ (31) Glidzhain,G (2148)-Askarov,M (2438) Kazan 2006}) 7. Qa4 ({Better is} 7. e3 $11) 7... a6 $15 8. Qxc4 {Black is better.} b5 {[%cal Bb7b5,Bb5b4][%mdl 32]} 9. Qh4 b4 10. Nd1 f5 $36 {[%mdl 2048] Black is more active.} 11. Qxd8+ Kxd8 12. Nf3 Bg7 13. Ne3 $2 (13. Nh4 $11 {and White is okay.}) 13... Nb6 $2 (13... e4 $19 14. Nd2 Bxb2) 14. Ng5 (14. Nh4 $11 {remains equal.}) 14... Ke7 $17 15. O-O-O (15. Rc1 $15 Ra7 16. g3) 15... Bh6 16. Nf3 Nc4 17. Kb1 (17. g3 $17) 17... Bxe3 $19 ({Not} 17... Nxe3 18. fxe3 Bxe3 19. Nxe5 $17) 18. fxe3 Nxe3 19. Rd3 f4 20. Rxe3 fxe3 21. Nxe5 Bf5+ 22. Kc1 Kf6 23. Nc4 Rhe8 24. h3 Rad8 25. g4 (25. b3 $142 h5 26. Rg1) 25... Be4 {[%mdl 64] [#] Double Attack} 26. Rg1 Bxd5 27. Na5 Bxa2 28. Bg2 Re5 29. Rf1+ Kg7 {[#] ( -> ...Rc5+)} 30. Nb7 Rd4 {Played: Rd8-d2} 0-1

[Event "Kupreichik Memorial Rapid 2019"]
[Site "Minsk"]
[Date "2019.08.15"]
[Round "3.17"]
[White "Masjuk, Vladimir"]
[Black "Mikhailovsky, Vladimir"]
[Result "0-1"]
[WhiteElo "1900"]
[BlackElo "2209"]
[Annotator "NA"]
[PlyCount "65"]
[EventDate "2019.08.15"]
[EventType "swiss"]
[EventCountry "BLR"]
[SourceTitle "playchess.com"]
[Source "ChessBase"]
[SourceQuality "1"]
[TimeControl "900+10"]

1. e4 {[%emt 0:00:00]} d5 {[%emt 0:00:07]} 2. exd5 {[%emt 0:00:00]} Qxd5 {[%emt 0:00:03]} 3. Nc3 {[%emt 0:00:00]} Qa5 {[%emt 0:00:04]} 4. d4 {[%emt 0:00:03]} Nf6 {[%emt 0:00:02]} 5. Nf3 {[%emt 0:00:03]} Ne4 {[%emt 0:00:33]} 6. Bd3 {[%emt 0:00:06]} Nxc3 {[%emt 0:00:05]} 7. bxc3 {[%emt 0:00:02]} Bg4 {[%emt 0:00:59]} 8. Bd2 {[%emt 0:00:04]} Nd7 {[%emt 0:00:10]} 9. O-O {[%emt 0:00:13]} e6 {[%emt 0:01:01]} 10. Be4 {[%emt 0:00:19]} c6 {[%emt 0:00:16]} 11. Rb1 {[%emt 0:00:05]} Qc7 {[%emt 0:00:41]} 12. h3 {[%emt 0:00:05]} Bh5 {[%emt 0:00:03]} 13. Re1 {[%emt 0:00:21]} Bd6 {[%emt 0:00:31]} 14. c4 {[%emt 0:00:09]} Nf6 {[%emt 0:01:19]} 15. Bd3 {[%emt 0:01:06]} c5 {[%emt 0:00:10]} 16. d5 {[%emt 0:00:19]} e5 {[%emt 0:03:24]} 17. Bc3 {[%emt 0:01:18]} Nd7 {[%emt 0:02:27]} 18. Bf5 {[%emt 0:00:59]} O-O {[%emt 0:02:42]} 19. Bxd7 {[%emt 0:01:03]} Qxd7 {[%emt 0:00:05]} 20. Bxe5 {[%emt 0:00:06]} b6 {[%emt 0:00:07]} 21. Qd3 {[%emt 0:01:02]} Rfe8 {[%emt 0:00:33]} 22. Bb2 {[%emt 0:01:09]} Bg6 {[%emt 0:02:05]} 23. Qc3 {[%emt 0:00:06]} f6 {[%emt 0:00:01]} 24. Qb3 {[%emt 0:03:02]} Qf5 {[%emt 0:00:21]} 25. Rbc1 {[%emt 0:01:18]} Rxe1+ {[%emt 0:00:28]} 26. Nxe1 {[%emt 0:00:32]} Re8 {[%emt 0:00:03]} 27. Nf3 {[%emt 0:00:20]} Re2 {[%emt 0:00:22]} 28. Re1 {[%emt 0:02:01]} Rxc2 {[%emt 0:00:38]} 29. Qb5 {[%emt 0:02:24]} h6 {[%emt 0:00:10]} 30. a4 {[%emt 0:00:18]} Qf4 {[%emt 0:00:06]} 31. Re3 {[%emt 0:00:22]} Qxc4 {[%emt 0:00:09]} 32. Qd7 {[%emt 0:00:58]} Bf4 {[%emt 0:00:04]} 33. Bxf6 0-1